000 00370nam a2200145Ia 4500
008 240729s9999 xx 000 0 und d
022 _a1423-0259
245 0 _aOphthalmic Research
260 _aSwitzerland
260 _bKarger Publishers
650 _aMedicine
856 _uhttps://doaj.org/toc/9eb5252b930b4354a0dd51a4aa2290df
942 _2ddc
942 _cDOAJEJ
999 _c73776
_d73776
945 _a1
_bMadushi Gamage
_c1
_dMadushi Gamage